Normal view
MARC view
- Financial Management
Entry Topical Term
001 - CONTROL NUMBER
- control field: 2457
003 - CONTROL NUMBER IDENTIFIER
- control field: JO-AjAnu
005 - DATE AND TIME OF LATEST TRANSACTION
- control field: 20230606070716.0
008 - FIXED-LENGTH DATA ELEMENTS
- fixed length control field: 230606|| aca||aabn | a|a d
040 ## - CATALOGING SOURCE
- Original cataloging agency: JO-AjAnu
- Transcribing agency: JO-AjAnu
150 ## - HEADING--TOPICAL TERM
- Topical term or geographic name entry element: Financial Management
670 ## - SOURCE DATA FOUND
- Source citation: Work cat.: (JO-AjAnu)1286: Kiyosaki,Robert, author 2456, Rich Dad, Poor Dad: What the Rich Teach Their Kids About Money -That the poor and Middle Class Do Not